000 00288nam a22001337a 4500
008 170605b xxu||||| |||| 00| 0 eng d
020 _a051740771-X
041 _aeng
080 _a94
100 _a18
101 _aSHH
245 _aLIFE IN THE MIDDLE AGES
_cDELORT,R
942 _2udc
_cBK
999 _c15883
_d15883